| 000 | 00386nam a22001337a 4500 | ||
|---|---|---|---|
| 020 | _a0-19-579042-1 | ||
| 082 |
_a324.22 _bROI _cN-01,P48 |
||
| 100 |
_aRoidad Khan _951051 |
||
| 245 | _aپاکستان انقلاب کے دہا نےپر | ||
| 260 |
_aKarachi, _bOxford University Press, _c1998. |
||
| 300 |
_a321p. _c22cm. |
||
| 526 |
_a0 _b0 _c0 _d324_220000000000000_ROI |
||
| 942 |
_2ddc _cBK |
||
| 999 |
_c553794 _d553794 |
||